| 000 | 00000nam##2200000za#4500 |
| 001 | 9.600788 |
| 003 | CaOODSP |
| 005 | 20210624205744 |
| 007 | cr ||||||||||| |
| 008 | 150406|2009||||xxc|||||o f|0| 0 fre|d |
| 040 | |aCaOODSP|bfre |
| 043 | |an-cn--- |
| 086 | 1 |aNH18-1-2/144-2009F-PDF |
| 110 | 2 |aSociété canadienne d'hypothèques et de logement. |
| 245 | 10|aModèle d'estimation séparée des prix du terrain et du bâtiment : |h[ressource électronique]|brapport final / |c[par] Ünsal Özdilek. |
| 260 | |aOttawa - Ontario : |bSociété canadienne d'hypothèques et de logement |cDécembre 2009. |
| 300 | |a52p.|bcarte en couleur, figure, graphiques, références, tableaux |
| 490 | 1 |aRapport de recherche |
| 546 | |a(Executive summary in English.) |
| 590 | |a11-26-Supp|b2011-11-03 |
| 720 | 1 |aÖzdilek, Ünsal |
| 830 | #0|aResearch report (Société canadienne d'hypothèques et de logement : En ligne)|w(CaOODSP)9.502470 |
| 856 | 40|ahttp://publications.gc.ca|qPDF|s766 Ko|uhttps://publications.gc.ca/collections/collection_2011/schl-cmhc/nh18-1-2/NH18-1-2-144-2009-fra.pdf |